| 000 | 00539nam a2200157 4500 | ||
|---|---|---|---|
| 999 |
_c12563 _d12563 |
||
| 008 | 240220b ||||| |||| 00| 0 eng d | ||
| 040 | _aBMS College of Architecture | ||
| 100 | _aInchara M | ||
| 245 | _aYakshaNidhi, “A Campus for Yakshagana Training and Immersive Experiences” | ||
| 300 | _a67P. | ||
| 500 | _a1CF19AT041 | ||
| 502 |
_8B,Arch _NBMS College of Architecture, Visvesvaraya Technological University (VTU) _aProject report _d2023 |
||
| 700 |
_aMukesh G Kotak _eGuide |
||
| 710 |
_aAnne Innocent _aGuide |
||
| 942 |
_2ddc _cTHE |
||